気動車のみ発着する電化区間の駅 - Statistics

General Stats
  • This quiz has been taken 78 times
    24 since last reset
  • The average score is 15 of 71
Answer Stats
会社 駅名 % Correct
JR北海道 新旭川
67%
JR北海道 旭川四条
67%
第3セクター 上磯
52%
第3セクター 東久根別
43%
第3セクター 久根別
43%
第3セクター 名立
43%
第3セクター 能生
43%
第3セクター 七重浜
38%
第3セクター 茂辺地
38%
第3セクター 谷浜
38%
第3セクター 有間川
38%
第3セクター 筒石
38%
第3セクター 浦本
38%
第3セクター 梶屋敷
38%
第3セクター 札苅
33%
第3セクター えちご押上ひすい海岸
33%
第3セクター 清川口
29%
第3セクター 泉沢
29%
第3セクター 渡島当別
24%
第3セクター 釜谷
24%
JR東日本 桑川
24%
JR西日本 博労町
24%
JR西日本 後藤
24%
第3セクター 水俣
24%
第3セクター 阿久根
24%
JR東日本 羽前大山
19%
JR東日本 羽前水沢
19%
JR東日本 三瀬
19%
JR東日本 小波渡
19%
JR東日本 五十川
19%
JR東日本 小岩川
19%
JR東日本 鼠ケ関
19%
JR東日本 勝木
19%
JR東日本 越後寒川
19%
JR東日本 今川
19%
JR東日本 越後早川
19%
JR東日本 間島
19%
JR東日本 喜多方
19%
JR西日本 富士見町
19%
JR西日本 布原
14%
第3セクター 肥後高田
14%
第3セクター 日奈久温泉
14%
第3セクター 上田浦
14%
第3セクター たのうら御立岬公園
14%
第3セクター 津奈木
14%
第3セクター 西出水
14%
第3セクター 野田郷
14%
第3セクター 上川内
14%
JR東日本 会津豊川
10%
JR東日本 姥堂
10%
JR東日本 塩川
10%
JR東日本 堂島
10%
第3セクター 肥後田浦
10%
第3セクター 海浦
10%
第3セクター 佐敷
10%
第3セクター 湯浦
10%
第3セクター
10%
第3セクター 米ノ津
10%
第3セクター 高尾野
10%
第3セクター 薩摩大川
10%
第3セクター 薩摩高城
10%
JR東日本 笈川
5%
第3セクター 中荒井
5%
第3セクター 会津荒海
5%
第3セクター 会津山村道場
5%
第3セクター 七ヶ岳登山口
5%
第3セクター 折口
5%
第3セクター 草道
5%
第3セクター 肥後二見
0%
第3セクター 牛ノ浜
0%
第3セクター 西方
0%
No matching quizzes found
Score Distribution
Percent of People with Each Score
Percentile by Number Answered
Your Score History
You have not taken this quiz since the last reset